000 00208nam a2200085 4500
001 1255149
005 20251204162247.0
245 _aSAYILARIN EFENDİLERİ
_cDUYGU KAÇARANOĞLU
260 _bGENÇ TİMAŞ YAYINLARI
999 _c1255149
_d1255149